000 00731nam a2200241 i 4500
001 C2-0306500
003 PPAK
005 20180728092623.0
008 101128s2010 my |||| ||||| | may d
020 _a9789838613682
040 _aPPAK
_beng
_cPPAK
_erda
082 0 4 _a155.9042
_223
090 0 0 _a155.9042
_bMOH
_dG
100 0 _aMohd Razali Salleh,
_eauthor
245 1 0 _aPengendalian Stres dan Kebimbangan
_bPenilaian Kognitif dan Tingkah Laku
264 1 _aPulau Pinang :
_bKoperasi Kedai Buku Universiti Sains Malaysia ,
_c2010
300 _aix, 264 pages ;
_c24 cm
336 _2rdacontent
_atext
337 _2rdamedia
_aunmediated
338 _2rdacarrier
_avolume
650 1 0 _aStress management
942 _ddc
_cB
999 _c109403
_d109403